Vytváření automatizovaných pracovišť v zemědělském podniku na úseku rostlinné výroby.

Najnovšie poznatky z Integrovaného systému riadenia úseku rastlinnej výroby. Nové prístupy k vytváraniu automatizovaných pracovísk. Spracovanie informácií pomocou mikropočítačov. Operatívna evidencia hospodárenia úseku rastlinnej výroby.

Na minha lista:
Detalhes bibliográficos
Autor principal: Doucha, Tomáš
Outros Autores: Hrabánková, M.
Formato: Capítulo de Livro
Idioma:tcheco
Assuntos:
Tags: Adicionar Tag
Sem tags, seja o primeiro a adicionar uma tag!

MARC

LEADER 00000naa a2200000 4500
001 r001330
005 20220819181223.9
041 0 |a cze 
044 |a [CS] 
245 1 0 |a Vytváření automatizovaných pracovišť v zemědělském podniku na úseku rostlinné výroby.  |c T. Doucha, M. Hrabánková 
520 |a Najnovšie poznatky z Integrovaného systému riadenia úseku rastlinnej výroby. Nové prístupy k vytváraniu automatizovaných pracovísk. Spracovanie informácií pomocou mikropočítačov. Operatívna evidencia hospodárenia úseku rastlinnej výroby. 
610 2 0 |a automatizácia výroby 
610 2 0 |a výroba rastlinná 
610 2 0 |a podnik poľnohospodársky 
610 2 0 |a AIS 
610 2 0 |a spracovanie dát automatické 
610 2 0 |a mikropočítače 
100 1 |a Doucha, Tomáš 
700 1 |a Hrabánková, M.